Problém utrpenia vo filozofii a vede

Bibliographic Details
Other Authors: Palenčár, Marián, 1953- (Editor), Šabová, Monika (Editor)
Format: Book
Language:Slovak
PhysicalDescription:115 s. 21 cm
Published: Banská Bystrica Univerzita Mateja Bela, Fakulta humanitných vied 2010
ISBN:9788055701172 (brož.)
Edition:1. vyd.
Subjects:

MARC

LEADER 00000cam a22000005a 4500
001 vtls010331148
003 SK-MaSNL
005 20260301173428.0
008 150827s2010 xo e 000 0 slo
015 |a SNBA2012/01-00564 
020 |a 9788055701172 (brož.) 
035 |a 42837F1B-03E0-4BB9-9C97-678DA8F363F9 
035 |a urn:nbn:sk:snk-amjjeb 
035 |a urn:nbn:sk:snk-am000xuk 
040 |a SNK  |b slo  |c SNK  |e AACR2 
041 0 |a slo  |b eng  |b fre  |b ger 
044 |a xo  |c SK 
072 7 |a 17  |x Etika. Morálna filozofia  |2 konspekt 
080 |a 159.942.4  |2 2001 
080 |a 2-185.2  |2 2001 
080 |a 17.02  |2 2001 
080 |a 1:001  |2 2001 
080 |a 17.022.1  |2 2001 
080 |a (082)  |2 2001 
080 |a 101  |2 2001 
245 0 0 |a Problém utrpenia vo filozofii a vede  |c Marián Palenčár, Monika Šabová (eds.) 
250 |a 1. vyd. 
260 |a Banská Bystrica  |b Univerzita Mateja Bela, Fakulta humanitných vied  |c 2010 
300 |a 115 s.  |c 21 cm 
366 |e 100 výt. 
504 |a Bibliogr. odkazy. Pozn. 
546 |a Res. angl., franc. a nem. 
650 0 7 |a bolesť  |x filozofické apskety  |2 SNKPH  |9 544298 
650 0 7 |a utrpenie  |x filozofické aspekty  |2 SNKPH  |9 330088 
650 0 7 |a životné múdrosť  |2 SNKPH  |9 544299 
650 0 7 |a filozofia a veda  |2 SNKPH  |9 67678 
650 0 7 |a morálne hodnoty  |2 SNKPH  |9 67897 
650 0 7 |a Pain  |x philosophical aspects  |2 SNKPHeng  |9 330091 
650 0 7 |a Suffering  |x philosophical aspects  |2 SNKPHeng  |9 330090 
650 0 7 |a Life wisdom  |2 SNKPHeng  |9 305004 
650 0 7 |a Philosophy and science  |2 SNKPHeng  |9 277911 
650 0 7 |a Moral values  |2 SNKPHeng  |9 313773 
655 7 |a zborníky  |2 SNKPH  |9 70165 
655 7 |a Miscellanea  |2 SNKPHeng  |9 265155 
700 1 |a Palenčár, Marián,  |d 1953-  |4 edt  |9 200688 
700 1 |a Šabová, Monika  |4 edt  |9 544300 
852 |a Štátna vedecká knižnica v Banskej Bystrici 
919 |a 978-80-557-0117-2 
958 |a NB 
958 |a OND 
968 |d 1 
999 |c 836632  |d 838562 
952 |a SNK  |b SNK  |y PREZ  |7 0  |p 17A0834078  |o snkSC 147528  |i snk2011/24655  |8 0  |0 0  |1 0  |4 0  |d 2011-12-16  |l 0  |r 2025-07-16 00:00:00  |w 2026-02-24 
952 |a SNK  |b SNK  |y VYP  |7 0  |p 17A0834077  |o snkSC 147528 D1  |i snk2011/24656  |8 0  |0 0  |1 0  |4 0  |d 2011-12-16  |f 1  |l 0  |r 2026-02-24 03:56:59  |w 2026-02-24